000 01123nam a2200253Ia 4500
005 20240530110937.0
008 140319s xx 000 0 ara d
017 _bمصر. دار الكتب
040 _aGCL /
_cGCL
082 0 4 _a920.71 /
_bخ و
_221
100 1 _aأبى العباس شمس الدين أحمد بن محمد بن إبراهيم بن أبي بكر ابن خلكان
245 1 0 _aوفيات الاعيان وانباء ابناء الزمان /
_cتاليف أبى العباس شمس الدين أحمد بن محمد بن إبراهيم بن أبي بكر ابن خلكان ؛ محقق احسان عباس
_n8 مجلدات
260 _aبيروت :
_bدار الثقافة للنشر والتوزيع ،
_cد. ت
300 _aمتعدد ؛
_c24 سم
500 _aيوجد 8 مجلدات من 1- 8
650 0 4 _aالتاريخ
_2qrmak
650 0 4 _aالتراجم
_2qrmak
650 0 4 _aالاعيان
_2qrmak
650 0 4 _aالشخصيات
_2qrmak
651 _2qrmak
700 1 _aاحسان عباس
_eمحقق
942 _2ddc
_cBK
999 _c66764
_d66764